000 00916nam a22002897a 4500
003 CHAP
005 20220329140632.0
008 971013s1975 r 00010 d
010 _a55102
011 _a56074
035 _a60227
040 _cCHAP
090 _aFolleto 11659
100 0 0 _aYarborough, Judith.
_9122993
245 _aHow to prepare for a computer search of Eric
_b: a non-technical approach
260 _a(Boulder, Co.) :
_bERIC,
_c1975
300 _a26 h.
_b: ilus.
590 _aBATCH-UPD
_b10
_c20130110
_lUCH01
_h0827
590 _aBATCH-UPD
_b10
_c20130410
_lUCH01
_h0505
590 _aBATCH-UPD
_b10
_c20130914
_lUCH01
_h1205
590 _aCONVERSION
_b10
_c20130109
_lUCH01
_h1330
650 1 4 _aDiseminación selectiva de información.
_932725
650 1 4 _aServicios de información.
_9105330
901 _aBK
942 _cFOLL
949 _aFolleto 11659
_bBC
_cFOLL
_d-129890
_eTS1
_i60227
_mD
_si
999 _c55102
_d55102